000
00312nam a22001337a 4500
003
SGT
082
_a
617.96
_b
S15F
100
_a
FLOOD, PAMETA
245
_a
STOELTING'S PHARMACOLOGY & PHYSIOLOGY IN ANESTHETIC PRACTICE
250
_a
5TH
260
_a
INDIA
_b
WOLTER
_c
2015
300
_a
928
942
_2
ddc
_c
BK
999
_c
14827
_d
14827